| 000 | 00440nam a2200169 a 4500 | ||
|---|---|---|---|
| 001 | 5936 | ||
| 003 | CDMR | ||
| 005 | 20130220142515.0 | ||
| 008 | 130220s2011||||||||||||||||||||||||||||d | ||
| 040 |
_aCDMR _bcat _cCDMR |
||
| 100 | 1 |
_aSardà, Xavier _92949 |
|
| 245 | 1 | 0 |
_aCatalunya, España y la madre que las parió _cXavier Sardá |
| 260 |
_aBarcelona _bPlaneta _c2011 |
||
| 300 |
_a190 p ; _c20 cm |
||
| 630 | _aRecull d'articles | ||
| 942 | _cMON | ||
| 999 |
_c5936 _d5936 |
||